000 00577cam a2200193 4500500
005 20260405001530.0
041 _afre
042 _adc
100 1 0 _aEltchaninoff, Michel
_eauthor
245 0 0 _aDemandez le programme pédagogeek !
260 _c2013.
500 _a91
690 _aÉcole 42
690 _aFinkielkraut
690 _aHumanisme
690 _aNumérique
786 0 _nPhilosophie magazine | 72 | 9 | 2013-09-01 | p. 26-28 | 1951-1787
856 4 1 _uhttps://shs.cairn.info/magazine-philosophie-magazine-2013-9-page-26?lang=fr&redirect-ssocas=7080
999 _c2048638
_d2048638